Mathematische Grundlagen der Quantenmechanik /

Guardado en:
Autor Principal: Von Neumann, John, 1903-1957.
Formato: Libro
Idioma:German
Publicado: New York : Dover, 1943.
Series:Grundlehren der mathematischen Wissenschaften in Einzeldarstellungen mit besonderer Berücksichtigung der Anwendungsgebiete
Etiquetas: Agregar Etiqueta
Sin Etiquetas, Sea el primero en etiquetar este registro!
LEADER 00900cam a22002171a 4500
001 MAT.inmabb002805
008 760830r19431932nyua##########000#0#ger##
005 20130331121421.0
245 1 0 |a Mathematische Grundlagen der Quantenmechanik /  |c von Johann V. Neumann. 
260 |a New York :  |b Dover,  |c 1943. 
300 |a 266 p. :  |b il. ;  |c 24 cm. 
490 0 |a Die Grundlehren der mathematischen Wissenschaften in Einzeldarstellungen ;  |v Bd. 38 
500 |a "First American edition." 
500 |a Publicado originalmente: Berlin : J. Springer, 1932. 
510 4 |a MR,  |c 5,165c 
100 1 |a Von Neumann, John,  |d 1903-1957. 
830 0 |a Grundlehren der mathematischen Wissenschaften in Einzeldarstellungen mit besonderer Berücksichtigung der Anwendungsgebiete 
084 |a 81Pxx (46N50 47N50 81-01)  |2 msc2000 
010 |a  44037317  
040 |a DLC  |c ODaWU  |d OCoLC  |d DLC 
859 |h 81  |i V947  |p A-8037  |b BIB. MATEMATICA